| 000 | 00934nam a22002537a 4500 | ||
|---|---|---|---|
| 005 | 20240530110905.0 | ||
| 008 | 220214s2007 ua g 000 0 ara d | ||
| 017 |
_bمصر. دار الكتب _a2006/10/2715 |
||
| 020 | _a9957322923 | ||
| 040 |
_aEG-CaGPL _cEG-CaGPL |
||
| 082 | 0 | 4 |
_221 _a327.1\ _bم ق |
| 100 | 0 | _aمحمد عوض الهزايمة | |
| 245 | 1 | 0 |
_aقضايا دولية : _bتركة قرن مضى وحمولة قرن اتى / _cمحمد عوض الهزايمة |
| 250 | _aط.1 | ||
| 260 |
_aعمان : _bدار الحامد للنشر والتوزيع، _c2007 |
||
| 300 |
_a355 ص. ؛ _c24 سم |
||
| 650 | 0 | 7 |
_2qrmak _aالمنظمات الدولية |
| 650 | 0 | 7 |
_2qrmak _aالصراع العربى الاسرائيلى |
| 650 | 0 | 7 |
_2qrmak _aالامن القومى العربى |
| 650 | 0 | 7 |
_2qrmak _aالاكراد |
| 651 | _2qrmak | ||
| 942 |
_2ddc _cBK |
||
| 999 |
_c66208 _d66208 |
||